[Event "FIDE World Youth U16 Chess Olympiad SLOVAKIA 2016"]
[Site "Poprad Tatry SLOVAKIA"]
[Date "2016.07.24"]
[Round "4"]
[Board "3"]
[White "Lobanov, Sergei"]
[Black "Sargsyan, Shant"]
[Result "1/2-1/2"]
[WhiteElo "2433"]
[BlackElo "2431"]
[PlyCount "83"]
[EventDate "2016.07.22"]
[EventType "team"]
[EventRounds "9"]
[EventCountry "SVK"]
[WhiteTeam "Russia"]
[BlackTeam "Armenia"]

1. e4 e5 2. Nf3 Nc6 3. Bb5 a6 4. Ba4 Nf6 5. O-O Be7 6. Re1 b5 7. Bb3 d6 8. c3
O-O 9. h3 Bb7 10. d4 Re8 11. Nbd2 exd4 12. cxd4 Nd7 13. Nf1 Na5 14. Bc2 Bf6 15.
Bf4 Nf8 16. Ng3 Ne6 17. Bd2 Nc4 18. Bc3 c5 19. d5 Nf4 20. Qc1 Bxc3 21. bxc3 Qf6
22. Nf5 Ng6 23. Bd3 Nce5 24. Nxe5 Nxe5 25. Be2 Bxd5 26. Nxd6 Qxd6 27. Rd1 Nd7
28. Rxd5 Qe7 29. Qe3 Nf6 30. Rxc5 Nxe4 31. Rd5 Qc7 32. Bf3 Nf6 33. Rc5 Qb6 34.
Re5 Qxe3 35. Rxe3 Rxe3 36. fxe3 Rd8 37. a4 Kf8 38. Bc6 Rc8 39. Bb7 Rc7 40. Bxa6
bxa4 41. c4 Ne4 42. Rxa4 1/2-1/2

[Event "FIDE World Youth U16 Chess Olympiad SLOVAKIA 2016"]
[Site "Poprad Tatry SLOVAKIA"]
[Date "2016.07.24"]
[Round "4"]
[Board "4"]
[White "Mirzoyan, David"]
[Black "Sarana, Alexey"]
[Result "1/2-1/2"]
[WhiteElo "2297"]
[BlackElo "2422"]
[PlyCount "52"]
[EventDate "2016.07.22"]
[EventType "team"]
[EventRounds "9"]
[EventCountry "SVK"]
[WhiteTeam "Armenia"]
[BlackTeam "Russia"]

1. Nf3 Nf6 2. c4 g6 3. Nc3 d5 4. cxd5 Nxd5 5. e4 Nxc3 6. dxc3 Qxd1+ 7. Kxd1 Bg4
8. Be3 Nd7 9. Kc2 e5 10. Bc4 Bxf3 11. gxf3 Bc5 12. Rad1 Bxe3 13. fxe3 Ke7 14.
h4 Rad8 15. h5 Nf6 16. Rxd8 Rxd8 17. hxg6 fxg6 18. Rg1 Ne8 19. Bg8 Nf6 20. Bc4
Rf8 21. Kd3 Ne8 22. Ke2 Nd6 23. Bd3 Kf6 24. f4 Kg7 25. Kf3 Ne8 26. Rg5 exf4
 1/2-1/2

[Event "FIDE World Youth U16 Chess Olympiad SLOVAKIA 2016"]
[Site "Poprad Tatry SLOVAKIA"]
[Date "2016.07.24"]
[Round "4"]
[Board "1"]
[White "Havasi, Gergo"]
[Black "Maghsoodloo, Parham"]
[Result "0-1"]
[WhiteElo "2372"]
[BlackElo "2501"]
[PlyCount "130"]
[EventDate "2016.07.22"]
[EventType "team"]
[EventRounds "9"]
[EventCountry "SVK"]
[WhiteTeam "Hungary 1"]
[BlackTeam "Iran"]

1. e4 c5 2. Nf3 d6 3. Bb5+ Bd7 4. Bxd7+ Qxd7 5. c4 Nc6 6. Nc3 g6 7. d4 cxd4 8.
Nxd4 Bg7 9. Be3 Nf6 10. h3 Rc8 11. b3 O-O 12. O-O Rfd8 13. Qd3 e6 14. Rac1 Qe7
15. Rfd1 Ne5 16. Qd2 a6 17. Bg5 Qe8 18. Qe3 Ned7 19. Nde2 Bf8 20. Bf4 Ne5 21.
Bg5 Be7 22. Nd4 Rc5 23. f4 Ned7 24. Na4 Rcc8 25. e5 dxe5 26. fxe5 Nh5 27. Bxe7
Qxe7 28. g4 Ng7 29. Nf3 f5 30. exf6 Nxf6 31. Ne5 Nge8 32. Nb6 Rxd1+ 33. Rxd1
Rd8 34. Rxd8 Qxd8 35. Ned7 Kf7 36. Qf4 Ke7 37. Qg5 Qc7 38. Qe3 Kf7 39. Ne5+ Kg8
40. Na4 Qd6 41. Nc3 Nd7 42. Nxd7 Qxd7 43. Ne4 Qd1+ 44. Kf2 e5 45. Kg3 Nd6 46.
Nf6+ Kg7 47. Nd5 Qa1 48. Qf3 Qg1+ 49. Qg2 Ne4+ 50. Kf3 Ng5+ 51. Kg3 Ne4+ 52.
Kf3 Qe1 53. Qb2 Nd2+ 54. Kg2 Qe2+ 55. Kh1 Qe1+ 56. Kg2 Qf1+ 57. Kh2 Qf2+ 58.
Kh1 Kf7 59. Qa3 Qf1+ 60. Kh2 Qf2+ 61. Kh1 Qh4 62. b4 Qe1+ 63. Kg2 Qf1+ 64. Kg3
Ne4+ 65. Kh2 Qf2+ 0-1

[Event "FIDE World Youth U16 Chess Olympiad SLOVAKIA 2016"]
[Site "Poprad Tatry SLOVAKIA"]
[Date "2016.07.24"]
[Round "4"]
[Board "2"]
[White "Firouzja, Alireza"]
[Black "Kozak, Adam"]
[Result "1/2-1/2"]
[WhiteElo "2481"]
[BlackElo "2364"]
[PlyCount "60"]
[EventDate "2016.07.22"]
[EventType "team"]
[EventRounds "9"]
[EventCountry "SVK"]
[WhiteTeam "Iran"]
[BlackTeam "Hungary 1"]

1. Nf3 d5 2. g3 c6 3. Bg2 Bg4 4. O-O Nf6 5. d3 e6 6. Nbd2 Be7 7. h3 Bh5 8. g4
Bg6 9. Nh4 Nbd7 10. e3 Qb6 11. Qe2 e5 12. Kh1 Ng8 13. Nxg6 hxg6 14. c4 dxc4 15.
Nxc4 Qc7 16. f4 Ngf6 17. b3 O-O 18. fxe5 Nxe5 19. Bb2 Ned7 20. e4 b5 21. Nd2
Bb4 22. Rac1 Rae8 23. Nf3 Qb6 24. Nd4 c5 25. Nc2 Ba5 26. a3 Qd6 27. b4 Bc7 28.
Bf3 c4 29. Rcd1 cxd3 30. Rxd3 Qe7 1/2-1/2

[Event "FIDE World Youth U16 Chess Olympiad SLOVAKIA 2016"]
[Site "Poprad Tatry SLOVAKIA"]
[Date "2016.07.24"]
[Round "4"]
[Board "3"]
[White "Marjanovics, Annamaria"]
[Black "Gholami, Aryan"]
[Result "1/2-1/2"]
[WhiteElo "2366"]
[BlackElo "2454"]
[PlyCount "66"]
[EventDate "2016.07.22"]
[EventType "team"]
[EventRounds "9"]
[EventCountry "SVK"]
[WhiteTeam "Hungary 1"]
[BlackTeam "Iran"]

1. d4 Nf6 2. c4 e6 3. Nc3 Bb4 4. e3 c5 5. Nge2 cxd4 6. exd4 O-O 7. a3 Be7 8.
Nf4 d5 9. cxd5 Nxd5 10. Ncxd5 exd5 11. Bd3 Nc6 12. O-O Bf6 13. Be3 Be6 14. Re1
g6 15. Bc2 Bg7 16. Qd2 Qb6 17. Rad1 Qxb2 18. Nxe6 fxe6 19. Bf5 Qxd2 20. Bxe6+
Kh8 21. Rxd2 Rad8 22. Bg4 Na5 23. Rb2 b6 24. Be2 Nc4 25. Bxc4 dxc4 26. Rb4 Rc8
27. Rc1 c3 28. Rc2 Rc7 29. Kf1 Rfc8 30. Ke2 Bf8 31. Rb3 Rc4 32. Kd3 Kg8 33. Bc1
Bg7 1/2-1/2

[Event "FIDE World Youth U16 Chess Olympiad SLOVAKIA 2016"]
[Site "Poprad Tatry SLOVAKIA"]
[Date "2016.07.24"]
[Round "4"]
[Board "4"]
[White "Tahbaz, Arash"]
[Black "Marosi, Levente"]
[Result "1-0"]
[WhiteElo "2406"]
[BlackElo "2316"]
[PlyCount "99"]
[EventDate "2016.07.22"]
[EventType "team"]
[EventRounds "9"]
[EventCountry "SVK"]
[WhiteTeam "Iran"]
[BlackTeam "Hungary 1"]

1. d4 Nf6 2. c4 g6 3. Nc3 Bg7 4. e4 d6 5. Be2 O-O 6. Be3 e5 7. d5 a5 8. g4 Na6
9. f3 Nd7 10. h4 h5 11. gxh5 gxh5 12. Qd2 Ndc5 13. Nh3 f5 14. exf5 Bxf5 15. Ng5
Qd7 16. Nge4 Kh7 17. O-O-O Nxe4 18. fxe4 Bg4 19. Rdg1 Nc5 20. Qd1 Bh6 21. Bxh6
Kxh6 22. Bxg4 hxg4 23. Rxg4 Nd3+ 24. Kb1 Nf4 25. Rhg1 Qf7 26. Rg5 Rg8 27. Qg4
Rxg5 28. hxg5+ Kg7 29. Rh1 b6 30. Qf5 Qxf5 31. exf5 Rf8 32. Nb5 Rxf5 33. Nxc7
Rxg5 34. Ne8+ Kg6 35. Nxd6 Rg2 36. Rd1 Kf6 37. Ne4+ Ke7 38. c5 bxc5 39. d6+ Kd8
40. Nxc5 Rg8 41. Re1 Re8 42. d7 Re7 43. Rg1 Ne6 44. Rg8+ Kc7 45. Nxe6+ Kxd7 46.
Nc5+ Kc6 47. Ne4 Kd5 48. Rg4 Kd4 49. Kc2 Ke3 50. Nc3 1-0

[Event "FIDE World Youth U16 Chess Olympiad SLOVAKIA 2016"]
[Site "Poprad Tatry SLOVAKIA"]
[Date "2016.07.24"]
[Round "4"]
[Board "1"]
[White "Nikitenko, Mihail"]
[Black "Vogel, Roven"]
[Result "1-0"]
[WhiteElo "2364"]
[BlackElo "2425"]
[PlyCount "119"]
[EventDate "2016.07.22"]
[EventType "team"]
[EventRounds "9"]
[EventCountry "SVK"]
[WhiteTeam "Belarus"]
[BlackTeam "Germany 1"]

1. Nf3 d5 2. g3 c6 3. Bg2 Bg4 4. O-O Nf6 5. d3 e6 6. Nbd2 Be7 7. e4 O-O 8. Qe1
Bh5 9. b3 a5 10. a3 Na6 11. Bb2 b5 12. Ne5 Rc8 13. f4 dxe4 14. Nxe4 Nxe4 15.
Qxe4 Qb6+ 16. Kh1 f5 17. Qe1 Nb8 18. Nd7 Nxd7 19. Qxe6+ Rf7 20. Qxd7 Qd8 21.
Qe6 Kh8 22. Rae1 Bd6 23. h3 Bg6 24. Qe3 Qf8 25. Bc3 a4 26. bxa4 Bxa3 27. a5 Bc5
28. Qd2 Ra7 29. Ra1 b4 30. Be5 Qd8 31. c3 Rxa5 32. cxb4 Rxa1 33. Rxa1 Bf8 34.
Qc3 Bf7 35. Ra7 Kg8 36. Rb7 Bd5 37. Bxg7 Bxg2+ 38. Kxg2 Qd5+ 39. Kf2 c5 40.
Bxf8 Qxb7 41. Bxc5 Re8 42. Qc4+ Kg7 43. Qd4+ Kf7 44. g4 Qc8 45. Qd5+ Qe6 46.
Qxf5+ Qxf5 47. gxf5 Kf6 48. b5 Kxf5 49. b6 Rc8 50. Bd6 Rc2+ 51. Ke3 Rb2 52. Bc7
Rb4 53. Kd2 Ke6 54. Kc3 Rb1 55. Kd4 h5 56. Ke4 Re1+ 57. Kf3 Rb1 58. Kg3 Kf5 59.
Kh4 Rb3 60. d4 1-0

[Event "FIDE World Youth U16 Chess Olympiad SLOVAKIA 2016"]
[Site "Poprad Tatry SLOVAKIA"]
[Date "2016.07.24"]
[Round "4"]
[Board "2"]
[White "Schroeder, Kevin"]
[Black "Zarubitski, Viachaslau"]
[Result "1-0"]
[WhiteElo "2350"]
[BlackElo "2289"]
[PlyCount "63"]
[EventDate "2016.07.22"]
[EventType "team"]
[EventRounds "9"]
[EventCountry "SVK"]
[WhiteTeam "Germany 1"]
[BlackTeam "Belarus"]

1. d4 d5 2. c4 c6 3. cxd5 cxd5 4. Bf4 Nf6 5. e3 a6 6. Nc3 Bf5 7. Nf3 e6 8. Ne5
Nbd7 9. g4 Nxe5 10. dxe5 Nxg4 11. Qa4+ Ke7 12. h3 Nh6 13. Rd1 Rc8 14. e4 Rxc3
15. exf5 Rc6 16. fxe6 Kxe6 17. Be2 Nf5 18. O-O Be7 19. Bh2 Rc5 20. b4 Rc3 21.
b5 a5 22. Rd3 Bb4 23. Rxc3 Bxc3 24. Bg4 g6 25. Qb3 Bd4 26. Rd1 Qb6 27. Kh1 Rd8
28. Qd3 Bc5 29. Rg1 Be7 30. Qd2 h5 31. Bxf5+ Kxf5 32. Qc2+ 1-0

[Event "FIDE World Youth U16 Chess Olympiad SLOVAKIA 2016"]
[Site "Poprad Tatry SLOVAKIA"]
[Date "2016.07.24"]
[Round "4"]
[Board "3"]
[White "Ivannikau, Maksim"]
[Black "Buckels, Valentin"]
[Result "1/2-1/2"]
[WhiteElo "2168"]
[BlackElo "2332"]
[PlyCount "125"]
[EventDate "2016.07.22"]
[EventType "team"]
[EventRounds "9"]
[EventCountry "SVK"]
[WhiteTeam "Belarus"]
[BlackTeam "Germany 1"]

1. Nf3 Nf6 2. g3 d5 3. Bg2 Bf5 4. O-O e6 5. d3 h6 6. Nbd2 Be7 7. e3 O-O 8. Qe2
c5 9. b3 Nc6 10. Bb2 Qc7 11. Nh4 Bh7 12. f4 Nd7 13. Nhf3 Bf6 14. c3 e5 15. fxe5
Ndxe5 16. Nxe5 Qxe5 17. e4 Rae8 18. Qf2 d4 19. Nf3 Qd6 20. c4 Ne5 21. Nxe5 Bxe5
22. Bh3 a6 23. Qc2 Rd8 24. Rae1 Bg6 25. Bc1 b5 26. Bf4 b4 27. Bf5 Rfe8 28. Bxe5
Rxe5 29. g4 a5 30. Ra1 Qf6 31. Qd2 Re7 32. a3 Qb6 33. axb4 axb4 34. Ra4 Bxf5
35. gxf5 Ra7 36. Rxa7 Qxa7 37. f6 Rd6 38. e5 Re6 39. Qg2 g6 40. Qh3 h5 41. Qg3
Qc7 42. Re1 Kh7 43. Qf4 Qc6 44. Kf2 Qa8 45. Qf3 Qa2+ 46. Re2 Qa7 47. Qd5 Qc7
48. Kf3 Ra6 49. e6 Rxe6 50. Rxe6 fxe6 51. Qxe6 Qxh2 52. Qe7+ Kh6 53. f7 Qh3+
54. Kf4 Qf5+ 55. Kg3 Qg4+ 56. Kh2 Qf4+ 57. Kg2 Qg4+ 58. Kf2 Qf4+ 59. Ke2 Qh2+
60. Kf3 Qh3+ 61. Kf4 Qf5+ 62. Kg3 Qg4+ 63. Kf2 1/2-1/2

[Event "FIDE World Youth U16 Chess Olympiad SLOVAKIA 2016"]
[Site "Poprad Tatry SLOVAKIA"]
[Date "2016.07.24"]
[Round "4"]
[Board "4"]
[White "Sieber, Fiona"]
[Black "Badelka, Olga"]
[Result "1/2-1/2"]
[WhiteElo "2177"]
[BlackElo "2175"]
[PlyCount "110"]
[EventDate "2016.07.22"]
[EventType "team"]
[EventRounds "9"]
[EventCountry "SVK"]
[WhiteTeam "Germany 1"]
[BlackTeam "Belarus"]

1. e4 d5 2. exd5 Qxd5 3. Nc3 Qd8 4. d4 g6 5. Nf3 Bg7 6. Bc4 Nh6 7. O-O Nf5 8.
Re1 O-O 9. Bg5 h6 10. Bf4 Nc6 11. d5 Na5 12. Bf1 c6 13. Qd2 g5 14. Be5 f6 15.
Bg3 Nxg3 16. hxg3 cxd5 17. Qxd5+ e6 18. Qc5 Nc6 19. Rad1 Qb6 20. Qxb6 axb6 21.
Bc4 Rd8 22. Rxd8+ Nxd8 23. Nd4 Kf7 24. f4 Bf8 25. Kf1 Bc5 26. Ncb5 gxf4 27.
gxf4 Bxd4 28. Nxd4 b5 29. Nxb5 Ke7 30. Bb3 Bd7 31. Nd4 Ra5 32. Kf2 e5 33. Nf3
Nc6 34. Rh1 exf4 35. Rxh6 Ne5 36. Rh7+ Kd6 37. Nd2 Bc6 38. Nc4+ Nxc4 39. Bxc4
Rg5 40. Bf1 Rd5 41. Bd3 Rg5 42. Rh2 b6 43. a3 Rg7 44. Be2 Be4 45. c3 Ke5 46.
Rh5+ f5 47. Bf3 Rd7 48. Bxe4 Kxe4 49. Ke2 Rg7 50. Rh2 Rg3 51. a4 Re3+ 52. Kf2
Rd3 53. Ke2 Re3+ 54. Kf2 Rd3 55. Ke2 Re3+ 1/2-1/2

[Event "FIDE World Youth U16 Chess Olympiad SLOVAKIA 2016"]
[Site "Poprad Tatry SLOVAKIA"]
[Date "2016.07.24"]
[Round "4"]
[Board "1"]
[White "Costachi, Mihnea"]
[Black "Raghunandan, Kaumandur Srihari"]
[Result "0-1"]
[WhiteElo "2420"]
[BlackElo "2403"]
[PlyCount "108"]
[EventDate "2016.07.22"]
[EventType "team"]
[EventRounds "9"]
[EventCountry "SVK"]
[WhiteTeam "Romania"]
[BlackTeam "India"]

1. d4 d5 2. c4 e6 3. Nc3 c6 4. e4 dxe4 5. Nxe4 Bb4+ 6. Bd2 Qxd4 7. Bxb4 Qxe4+
8. Be2 Na6 9. Ba5 b6 10. Qd6 Bd7 11. Bc3 f6 12. Nf3 Rd8 13. Nd2 Qg6 14. O-O-O
Ne7 15. Nb3 Kf7 16. Bd3 Nf5 17. Qa3 Bc8 18. Nd4 Qg5+ 19. Bd2 Qg4 20. Nxc6 Rxd3
21. Qxd3 Nc5 22. Qf3 Qxf3 23. gxf3 Nd3+ 24. Kb1 Nxf2 25. Nxa7 Nxh1 26. Rxh1 Bb7
27. Rf1 Rd8 28. Kc1 Nd6 29. Nb5 Nxc4 30. Bb4 Ba6 31. a4 Bxb5 32. axb5 Rd5 33.
Bc3 Rxb5 34. Re1 Rd5 35. Re4 b5 36. Kc2 Nd6 37. Re2 Nf5 38. Re4 g5 39. Kb3 e5
40. Kb4 Nd4 41. Bxd4 exd4 42. Re2 Kg6 43. Rd2 d3 44. Kc3 Kf5 45. Rxd3 Rxd3+ 46.
Kxd3 Kf4 47. Ke2 b4 48. b3 f5 49. Kf2 g4 50. fxg4 fxg4 51. Kg2 h5 52. Kf2 h4
53. Kg2 Ke4 54. Kf2 Kd3 0-1

[Event "FIDE World Youth U16 Chess Olympiad SLOVAKIA 2016"]
[Site "Poprad Tatry SLOVAKIA"]
[Date "2016.07.24"]
[Round "4"]
[Board "2"]
[White "Iniyan, P"]
[Black "Gavrilescu, David"]
[Result "1-0"]
[WhiteElo "2346"]
[BlackElo "2274"]
[PlyCount "61"]
[EventDate "2016.07.22"]
[EventType "team"]
[EventRounds "9"]
[EventCountry "SVK"]
[WhiteTeam "India"]
[BlackTeam "Romania"]

1. d4 e6 2. c4 b6 3. Nc3 Bb7 4. a3 f5 5. Nf3 Nf6 6. d5 Na6 7. b4 c6 8. d6 Ne4
9. Nxe4 fxe4 10. Ne5 Qb8 11. e3 g6 12. Bb2 Bxd6 13. Nxc6 dxc6 14. Bxh8 Qc7 15.
Qg4 Qf7 16. c5 bxc5 17. Bxa6 Bxa6 18. Qxe4 Bb7 19. Be5 O-O-O 20. Bxd6 Rxd6 21.
bxc5 Rd5 22. O-O Rxc5 23. Rac1 Rg5 24. Rxc6+ Bxc6 25. Qxc6+ Kd8 26. Rd1+ Rd5
27. Rxd5+ exd5 28. Qa8+ Ke7 29. Qxa7+ Kf8 30. Qxf7+ Kxf7 31. f3 1-0

[Event "FIDE World Youth U16 Chess Olympiad SLOVAKIA 2016"]
[Site "Poprad Tatry SLOVAKIA"]
[Date "2016.07.24"]
[Round "4"]
[Board "3"]
[White "Banzea, Alexandru-Bogdan"]
[Black "Vaishali, R"]
[Result "1-0"]
[WhiteElo "2263"]
[BlackElo "2288"]
[PlyCount "139"]
[EventDate "2016.07.22"]
[EventType "team"]
[EventRounds "9"]
[EventCountry "SVK"]
[WhiteTeam "Romania"]
[BlackTeam "India"]

1. e4 e5 2. Nf3 Nc6 3. d4 exd4 4. Nxd4 Nf6 5. Nxc6 bxc6 6. Qe2 d6 7. Nc3 Be7 8.
Be3 O-O 9. O-O-O Ng4 10. Bd4 Bf6 11. f3 Bxd4 12. Rxd4 c5 13. Rd2 Ne5 14. Nd5
Re8 15. Qf2 Be6 16. f4 Ng4 17. Qg3 Bxd5 18. exd5 f5 19. Re2 Qd7 20. h3 Nf6 21.
Rxe8+ Rxe8 22. Bd3 Qa4 23. Bxf5 Qxa2 24. Re1 Qa1+ 25. Kd2 Qxb2 26. Rxe8+ Nxe8
27. Qe3 Qb8 28. Qe6+ Kh8 29. g4 a5 30. g5 g6 31. Bd3 Ng7 32. Qf6 Kg8 33. h4 Qf8
34. Qxf8+ Kxf8 35. Kc3 Nh5 36. f5 Nf4 37. fxg6 hxg6 38. Be4 Kg7 39. Bf3 a4 40.
Kb2 c4 41. Ka3 c3 42. Kxa4 Nd3 43. Kb3 Ne5 44. Be4 Kf7 45. Kxc3 Ke7 46. Kb4 Kd8
47. Kb5 Kd7 48. Ka6 Kd8 49. Kb7 Kd7 50. c3 Kd8 51. h5 gxh5 52. g6 Ke7 53. Kxc7
Nd7 54. Bf5 Nf6 55. c4 h4 56. Kc6 Ne8 57. Bh3 Nf6 58. g7 Ng8 59. Bg4 Nh6 60.
Be6 Kf6 61. Kxd6 Nf7+ 62. Kc7 Kxg7 63. d6 Ng5 64. Bd5 h3 65. d7 h2 66. d8=Q
Ne6+ 67. Kd7 Nxd8 68. Kxd8 Kf6 69. c5 Ke5 70. Bh1 1-0

[Event "FIDE World Youth U16 Chess Olympiad SLOVAKIA 2016"]
[Site "Poprad Tatry SLOVAKIA"]
[Date "2016.07.24"]
[Round "4"]
[Board "4"]
[White "Mitrabha, Guha"]
[Black "Ileana, George"]
[Result "1-0"]
[WhiteElo "2227"]
[BlackElo "2117"]
[PlyCount "71"]
[EventDate "2016.07.22"]
[EventType "team"]
[EventRounds "9"]
[EventCountry "SVK"]
[WhiteTeam "India"]
[BlackTeam "Romania"]

1. d4 Nf6 2. c4 e6 3. Nf3 Bb4+ 4. Bd2 c5 5. Bxb4 cxb4 6. g3 O-O 7. Bg2 d6 8.
O-O Nc6 9. a3 bxa3 10. Nxa3 e5 11. Nb5 a5 12. dxe5 dxe5 13. Qxd8 Rxd8 14. Rfd1
Bg4 15. h3 Bh5 16. g4 Bg6 17. Ne1 Ne8 18. Kf1 Kf8 19. Rxd8 Nxd8 20. Nf3 f6 21.
Nd2 Nc6 22. Nb3 Rc8 23. Nc5 Nd4 24. Nxd4 exd4 25. Rxa5 Nd6 26. b3 b5 27. Nd7+
Ke7 28. Nb6 Rc5 29. Ra7+ Ke8 30. b4 Rxc4 31. Nxc4 bxc4 32. Bc6+ Kf8 33. b5 c3
34. b6 Bb1 35. b7 Nxb7 36. Bxb7 1-0

[Event "FIDE World Youth U16 Chess Olympiad SLOVAKIA 2016"]
[Site "Poprad Tatry SLOVAKIA"]
[Date "2016.07.24"]
[Round "4"]
[Board "1"]
[White "Bashirli, Nail"]
[Black "Djordjevic, Vuk"]
[Result "0-1"]
[WhiteElo "2414"]
[BlackElo "2415"]
[PlyCount "68"]
[EventDate "2016.07.22"]
[EventType "team"]
[EventRounds "9"]
[EventCountry "SVK"]
[WhiteTeam "Azerbaijan"]
[BlackTeam "Serbia"]

1. e4 e6 2. d4 d5 3. Nd2 Nc6 4. Ngf3 Nf6 5. e5 Nd7 6. Be2 f6 7. exf6 Qxf6 8.
Nf1 Bd6 9. Ne3 O-O 10. O-O Qg6 11. c4 Nf6 12. Re1 b6 13. Nf1 h6 14. Ng3 Qf7 15.
a3 Bb7 16. Qc2 Nh5 17. Bf1 Nf4 18. c5 Nh3+ 19. gxh3 Qxf3 20. Be3 bxc5 21. dxc5
Be5 22. Rad1 Qf6 23. Nh5 Qf7 24. Ng3 a5 25. Bg2 Rab8 26. b3 Qf6 27. Nh5 Qf7 28.
Ng3 Rbd8 29. Kh1 d4 30. Bc1 d3 31. Rxd3 Nd4 32. Qa2 Bxg2+ 33. Kxg2 Nf3 34. Rxe5
Rxd3 0-1

[Event "FIDE World Youth U16 Chess Olympiad SLOVAKIA 2016"]
[Site "Poprad Tatry SLOVAKIA"]
[Date "2016.07.24"]
[Round "4"]
[Board "2"]
[White "Ivic, Velimir"]
[Black "Mammadzada, Gunay"]
[Result "1/2-1/2"]
[WhiteElo "2315"]
[BlackElo "2353"]
[PlyCount "67"]
[EventDate "2016.07.22"]
[EventType "team"]
[EventRounds "9"]
[EventCountry "SVK"]
[WhiteTeam "Serbia"]
[BlackTeam "Azerbaijan"]

1. e4 c5 2. Nf3 d6 3. d4 cxd4 4. Nxd4 Nf6 5. Nc3 a6 6. Bc4 e6 7. Bb3 b5 8. Bg5
Be7 9. Qf3 Qc7 10. O-O-O Nbd7 11. e5 Bb7 12. Qg3 dxe5 13. Bxe6 Nc5 14. Bxf6
Bxf6 15. Bd5 O-O 16. Nf5 Rad8 17. b4 Bxd5 18. Nxd5 Rxd5 19. Rxd5 Ne6 20. Rhd1
Qc4 21. Qb3 Qf4+ 22. Ne3 Qxf2 23. Rf1 Qh4 24. Rd7 Qxh2 25. Ng4 Bg5+ 26. Kb2
Qxg2 27. Rfxf7 Rxf7 28. Qxe6 Qf1 29. Nxe5 Qc1+ 30. Kb3 Qb1+ 31. Kc3 Qa1+ 32.
Kb3 Qb1+ 33. Kc3 Qa1+ 34. Kb3 1/2-1/2

[Event "FIDE World Youth U16 Chess Olympiad SLOVAKIA 2016"]
[Site "Poprad Tatry SLOVAKIA"]
[Date "2016.07.24"]
[Round "4"]
[Board "3"]
[White "Gadimbayli, Abdulla"]
[Black "Injac, Teodora"]
[Result "1/2-1/2"]
[WhiteElo "2316"]
[BlackElo "2215"]
[PlyCount "70"]
[EventDate "2016.07.22"]
[EventType "team"]
[EventRounds "9"]
[EventCountry "SVK"]
[WhiteTeam "Azerbaijan"]
[BlackTeam "Serbia"]

1. e4 e6 2. d4 d5 3. Nd2 c5 4. exd5 exd5 5. Ngf3 a6 6. dxc5 Bxc5 7. Nb3 Bb6 8.
Bd3 Qe7+ 9. Be2 Nf6 10. O-O O-O 11. Bg5 Nc6 12. c3 Re8 13. Nc1 h6 14. Bh4 Bf5
15. Bd3 Be4 16. Nb3 Rad8 17. Nfd4 Nxd4 18. Nxd4 Bxd4 19. cxd4 Bxd3 20. Qxd3 Qe4
21. Qxe4 Rxe4 22. Bxf6 gxf6 23. f3 Rxd4 24. Rac1 Rd7 25. Rc2 Kg7 26. Kf2 f5 27.
g3 Ra4 28. a3 Kf6 29. Re1 Rc4 30. Rd2 a5 31. Red1 a4 32. Rb1 h5 33. b3 axb3 34.
Rxb3 Ke6 35. Rdb2 Rcc7 1/2-1/2

[Event "FIDE World Youth U16 Chess Olympiad SLOVAKIA 2016"]
[Site "Poprad Tatry SLOVAKIA"]
[Date "2016.07.24"]
[Round "4"]
[Board "4"]
[White "Gajcin, Marina"]
[Black "Muradli, Mahammad"]
[Result "0-1"]
[WhiteElo "2152"]
[BlackElo "2325"]
[PlyCount "94"]
[EventDate "2016.07.22"]
[EventType "team"]
[EventRounds "9"]
[EventCountry "SVK"]
[WhiteTeam "Serbia"]
[BlackTeam "Azerbaijan"]

1. e4 c5 2. Nf3 d6 3. Bb5+ Bd7 4. Bxd7+ Qxd7 5. c4 Nf6 6. Nc3 g6 7. d4 cxd4 8.
Nxd4 Bg7 9. f3 O-O 10. Be3 Nc6 11. Rc1 a6 12. Na4 Qc7 13. O-O e6 14. Qd2 Rfd8
15. Nxc6 Qxc6 16. b3 Rab8 17. Qf2 b5 18. cxb5 Qxb5 19. Bb6 Rd7 20. Rc2 Bh6 21.
Re1 e5 22. Qh4 Bg7 23. Rec1 h5 24. Be3 d5 25. Bg5 Rd6 26. Rc5 Qb4 27. exd5 Qa3
28. Bxf6 Bxf6 29. Qf2 Rb4 30. Rc8+ Kg7 31. Rd1 Rd4 32. Rxd4 exd4 33. Qe2 Rxd5
34. Qe8 Bd8 35. Qe4 Qd6 36. Qd3 Re5 37. Rc1 Re3 38. Qd2 Qe5 39. Rd1 Bh4 40. g3
Bf6 41. f4 Qe7 42. Kf2 h4 43. Re1 hxg3+ 44. hxg3 Qe4 45. Re2 Qf3+ 46. Ke1 Qh1+
47. Kf2 Rf3# 0-1

[Event "FIDE World Youth U16 Chess Olympiad SLOVAKIA 2016"]
[Site "Poprad Tatry SLOVAKIA"]
[Date "2016.07.24"]
[Round "4"]
[Board "1"]
[White "Mesaros, Florian"]
[Black "Tsolakidou, Stavroula"]
[Result "0-1"]
[WhiteElo "2324"]
[BlackElo "2364"]
[PlyCount "62"]
[EventDate "2016.07.22"]
[EventType "team"]
[EventRounds "9"]
[EventCountry "SVK"]
[WhiteTeam "Austria"]
[BlackTeam "Greece"]

1. Nf3 Nf6 2. c4 e6 3. g3 a6 4. Bg2 b5 5. b3 c5 6. Nc3 Qb6 7. e4 Bb7 8. e5 Ng4
9. O-O Nc6 10. Qe2 Be7 11. d3 f6 12. exf6 Nxf6 13. Bb2 O-O 14. Rac1 Rf7 15. Ne4
Nxe4 16. dxe4 bxc4 17. bxc4 Qc7 18. Rcd1 Raf8 19. Ne1 Nd4 20. Bxd4 cxd4 21. e5
Bxg2 22. Nxg2 Rf5 23. Rxd4 Bc5 24. Rf4 Qxe5 25. Qd2 d6 26. Rxf5 Qxf5 27. Nf4
Qe4 28. Qc3 e5 29. Nd5 Qe2 30. Kg2 Bxf2 31. Nf4 Rxf4 0-1

[Event "FIDE World Youth U16 Chess Olympiad SLOVAKIA 2016"]
[Site "Poprad Tatry SLOVAKIA"]
[Date "2016.07.24"]
[Round "4"]
[Board "2"]
[White "Giannoulakis, Lampros"]
[Black "Horvath, Dominik"]
[Result "0-1"]
[WhiteElo "2214"]
[BlackElo "2216"]
[PlyCount "124"]
[EventDate "2016.07.22"]
[EventType "team"]
[EventRounds "9"]
[EventCountry "SVK"]
[WhiteTeam "Greece"]
[BlackTeam "Austria"]

1. d4 Nf6 2. c4 g6 3. Nc3 Bg7 4. e4 d6 5. Be2 O-O 6. Nf3 e5 7. O-O Nc6 8. d5
Ne7 9. b4 Ne8 10. Ba3 f5 11. c5 Nf6 12. Nd2 Rf7 13. b5 Bh6 14. Nc4 Ne8 15. b6
axb6 16. cxd6 cxd6 17. Nb5 Rf6 18. f3 Bd7 19. Qb3 Nc8 20. Bc1 Bxc1 21. Rfxc1
Bxb5 22. Qxb5 Nc7 23. Qb2 Na6 24. f4 exf4 25. exf5 Rxf5 26. Bg4 Rf6 27. Be6+
Kg7 28. Rf1 g5 29. g3 Nc5 30. Qd4 b5 31. gxf4 g4 32. Ne3 Ra4 33. Qc3 b4 34. Qb2
Nxe6 35. dxe6 Qb6 36. Qf2 Rxe6 37. Rae1 Ra3 38. Nf5+ Kf7 39. Nd4 Rxe1 40. Rxe1
Rd3 41. Nc2 Qxf2+ 42. Kxf2 Rf3+ 43. Kg2 Rxf4 44. Rb1 Ne7 45. Nxb4 Rd4 46. a3
Nf5 47. Rb2 Ne3+ 48. Kg3 Nc4 49. Rb3 Nxa3 50. Na2 Nc4 51. Rxb7+ Kg6 52. Nc1 Ne5
53. Ne2 Rd3+ 54. Kf2 Rf3+ 55. Kg2 h5 56. Nd4 Rd3 57. Ne6 Kf5 58. Ng7+ Kg5 59.
Ne6+ Kh4 60. Rh7 Rd2+ 61. Kf1 Rxh2 62. Nf4 Kg5 0-1

[Event "FIDE World Youth U16 Chess Olympiad SLOVAKIA 2016"]
[Site "Poprad Tatry SLOVAKIA"]
[Date "2016.07.24"]
[Round "4"]
[Board "3"]
[White "Blohberger, Felix"]
[Black "Alexiadis, Hristos"]
[Result "1/2-1/2"]
[WhiteElo "2284"]
[BlackElo "2254"]
[PlyCount "62"]
[EventDate "2016.07.22"]
[EventType "team"]
[EventRounds "9"]
[EventCountry "SVK"]
[WhiteTeam "Austria"]
[BlackTeam "Greece"]

1. Nf3 Nf6 2. c4 e6 3. Nc3 Bb4 4. Qc2 c5 5. g3 O-O 6. Bg2 d5 7. a3 Ba5 8. Na4
Nbd7 9. cxd5 Nxd5 10. O-O Qe7 11. Nc3 N5f6 12. d3 Rd8 13. Be3 Bc7 14. Rfc1 Ng4
15. Bd2 Rb8 16. Ne4 b6 17. h3 Nge5 18. b4 Nxf3+ 19. Bxf3 Be5 20. Bc3 Bxc3 21.
Qxc3 Bb7 22. bxc5 Bxe4 23. Bxe4 Nxc5 24. Bg2 e5 25. Qb4 Rd4 26. Rc4 Rbd8 27.
Rac1 Qd7 28. h4 Qg4 29. Bf3 Qd7 30. Bg2 Qg4 31. Bf3 Qd7 1/2-1/2